Teoriá de la cibernetica económica
Na minha lista:
| Autor principal: | |
|---|---|
| Formato: | Livro |
| Idioma: | espanhol |
| Publicado em: |
Bratislava
VŠE
1986
|
| Edição: | 1. vyd. |
| Tags: |
Sem tags, seja o primeiro a adicionar uma tag!
|
MARC
| LEADER | 00000nam a2200000 4500 | ||
|---|---|---|---|
| 001 | c036023 | ||
| 005 | 20221220073033.8 | ||
| 041 | 0 | |a spa | |
| 044 | |a SK | ||
| 245 | 1 | 0 | |a Teoriá de la cibernetica económica |c Stanislav Igor Šimončič |
| 250 | |a 1. vyd. | ||
| 264 | 1 | |a Bratislava |b VŠE |c 1986 | |
| 300 | |a 63 s. | ||
| 100 | 1 | |a Šimončič, Stanislav Igor | |